000 00213 a2200097 4500
001 122155
040 _cEscola Canadense de Niteroi
100 _aDisney
245 1 0 _aMagic English - Sticker Dictionary
942 _cBK
999 _c122155
_d122155